सोलापूर नगरपालिका-समालोचन (Record no. 1225590)
[ view plain ]
| 000 -LEADER | |
|---|---|
| fixed length control field | 00778nam a2200193Ia 4500 |
| 008 - FIXED-LENGTH DATA ELEMENTS--GENERAL INFORMATION | |
| fixed length control field | 151121s9999||||xx |||||||||||||| ||und|| |
| 082 ## - DEWEY DECIMAL CLASSIFICATION NUMBER | |
| Classification number | 352/कुलक |
| 082 ## - DEWEY DECIMAL CLASSIFICATION NUMBER | |
| Item number | HNW-31692 |
| 100 ## - MAIN ENTRY--PERSONAL NAME | |
| Personal name | कुलकर्णी अ। रा। |
| 245 ## - TITLE STATEMENT | |
| Title | सोलापूर नगरपालिका-समालोचन |
| 260 ## - PUBLICATION, DISTRIBUTION, ETC. (IMPRINT) | |
| Name of publisher, distributor, etc | दातार कृ।ना। सोलापुर महा।न।पालिका |
| 260 ## - PUBLICATION, DISTRIBUTION, ETC. (IMPRINT) | |
| Date of publication, distribution, etc | -- |
| 300 ## - PHYSICAL DESCRIPTION | |
| Extent | 76 |
| 600 ## - SUBJECT ADDED ENTRY--PERSONAL NAME | |
| Personal name | कुलकर्णी अ। रा। |
| 630 ## - SUBJECT ADDED ENTRY--UNIFORM TITLE | |
| Uniform title | सोलापूर नगरपालिका-समालोचन |
| 700 ## - ADDED ENTRY--PERSONAL NAME | |
| Personal name | कुलकर्णी अ। रा। |
| 730 ## - ADDED ENTRY--UNIFORM TITLE | |
| Uniform title | सोलापूर नगरपालिका-समालोचन |
| 942 ## - ADDED ENTRY ELEMENTS (KOHA) | |
| Koha item type | Book |
| Withdrawn status | Lost status | Damaged status | Not for loan | Home library | Current library | Date acquired | Total Checkouts | Full call number | Barcode | Date last seen | Price effective from | Koha item type |
|---|---|---|---|---|---|---|---|---|---|---|---|---|
| Hirachand Nemchand Wachanalaya, Solapur | Hirachand Nemchand Wachanalaya, Solapur | 11/21/2015 | HNW-31692 | HNW-31692 | 11/21/2015 | 11/21/2015 | Book |